| 000 | 00780cam a2200301 4500 | ||
|---|---|---|---|
| 001 | ABS68106 | ||
| 008 | 040903n2004 000 0 eng u | ||
| 035 | _a(Sirsi) u127262 | ||
| 245 | _aRegional survey: West Midlands | ||
| 260 | _c2004 | ||
| 490 |
_aProperty Week _v69(30) 23 July 2004, 49-66(10) |
||
| 590 | _aABS | ||
| 590 | _aABS | ||
| 650 | _aWEST MIDLANDS | ||
| 650 | _aWOLVERHAMPTON | ||
| 650 | _aEDGBASTON | ||
| 650 | _aCOVENTRY | ||
| 650 | _aBIRMINGHAM | ||
| 650 | _aMAIDENHEAD | ||
| 650 | _aWOKING | ||
| 650 | _aGUILDFORD | ||
| 650 | _aREADING | ||
| 650 | _aINDUSTRIAL MARKET | ||
| 650 | _aOFFICE MARKET | ||
| 650 | _aPROPERTY-COMMERCIAL PROPERTY-RETAIL PROPERTY-RETAIL PROPERTY MARKET | ||
| 690 | _aCOMMERCIAL PROPERTY-MARKET | ||
| 942 | _n0 | ||
| 999 |
_c117954 _d117954 |
||